Statistics for Fast Math

Click here to take the quiz!

General Stats

  • This quiz has been taken 59 times
  • The average score is 9 of 10

Answer Stats

ProblemSolution% Correct
10 x 220
100%
4 x 520
96%
31 x 393
91%
69 x 2138
89%
33 x 00
85%
20 x 20400
85%
44 x 20880
81%
59 x 2118
79%
21 + 52 x 2125
79%
210 x 2 + 52472
70%

Score Distribution

Percentile by Number Answered

Percent of People with Each Score

Your Score History

You have not taken this quiz